000 01050nmc a2200337 a 4500
003 AR-BaBNM
005 20251128204043.0
008 066119s1993 ||||||||||||||000 | spa||
020 _a950-03-0074-5
040 _cAR-BaBNM
100 1 _aGarcía Lorca, Federico
245 1 0 _aRomancero gitano
_b1924-1927
250 _a26ª ed.
260 _aBuenos Aires
_bLosada
_c1993
300 0 _a125 p.
490 0 _aBiblioteca clásica y contemporánea
_vv. 116
500 0 _aNotas de Luis Martínez Cuitiño
500 0 _aCronología de la vida y obra del autor en p. 27-33
500 0 _aLa presente edición está completamente anotada donde se realiza análisis literario y relevamiento bibliográfico
504 _aContiene bibliografía en p. 34-38
650 4 _aLITERATURA ESPANOLA
650 4 _aPOESIA
650 4 _aLITERATURA POPULAR
653 0 _aROMANCES
653 0 _aGENERACION DE 1927
653 0 _aCANCIONEROS
655 _aLITERATURA
700 1 _aMartínez Cutiño, Luis
_eprologuista
942 _cBK
998 _cisola
999 _c5982
_d5982